000 00840nam a22002417a 4500
999 _c10113
_d10113
003 AR-CdUCM
008 190329b ||||| |||| 00| 0 spa d
040 _aMUNICIPALIDAD PROVINCIAL DEL CUSCO
_cBIBLIOTECA MUNICIPAL DEL CUSCO
082 _a343 /
_bG81 / 1870
100 _aGrimke, Federico
_926775
245 _aCiencia y derecho constitucional :
_bNaturaleza y tendencias de las instituciones libres /
260 _aParis :
_bLibreria de rosa y bouret,
_c1870
300 _a320 paginas ;
_c21 cm.
440 _aLecciones de derecho constitucional
_n1
_926776
500 _aDerecho
505 _aContenido: ciencia del gobierno -- constituciones escritas
650 _aDerecho
_9739
650 _aConstitucional
_926777
650 _aGobierno
_92618
700 _aGonzales, Florentino
_926778
942 _2ddc
_cLIBROS
945 _apjha